MARC details
| 000 -CABECERA |
| campo de control de longitud fija |
02319nam a22002777a 4500 |
| 005 - FECHA Y HORA DE LA ÚLTIMA TRANSACCIÓN |
| campo de control |
20251024063927.0 |
| 007 - CAMPO FIJO DE DESCRIPCIÓN FÍSICA--INFORMACIÓN GENERAL |
| campo de control de longitud fija |
cr |||aaa||||| |
| 008 - ELEMENTOS DE LONGITUD FIJA--INFORMACIÓN GENERAL |
| campo de control de longitud fija |
250226s2018 co|da||fo|||| 000 0 spa d |
| 020 ## - NÚMERO INTERNACIONAL NORMALIZADO PARA LIBROS |
| Número Internacional Estándar del Libro |
9789587656282 |
| 040 ## - FUENTE DE LA CATALOGACIÓN |
| Centro catalogador/agencia de origen |
MX-MxUPN |
| Lengua de catalogación |
spa |
| Normas de descripción |
aacr2 |
| 041 0# - CÓDIGO DE IDIOMA |
| Código de lengua del texto/banda sonora o título independiente |
spa |
| 050 #4 - SIGNATURA TOPOGRÁFICA DE LA BIBLIOTECA DEL CONGRESO |
| Número de clasificación |
LB1585 |
| 245 00 - MENCIÓN DE TÍTULO |
| Título |
Contexto, significado y diseño de proyectos de aula en la enseñanza de las ciencias naturales |
| Medio |
[recurso electrónico en línea] |
| 260 ## - PUBLICACIÓN, DISTRIBUCIÓN, ETC. |
| Lugar de publicación, distribución, etc. |
Cali, Colombia : |
| Nombre del editor, distribuidor, etc. |
Universidad del Valle, |
| Fecha de publicación, distribución, etc. |
2018 |
| 300 ## - DESCRIPCIÓN FÍSICA |
| Extensión |
1 recurso en línea (179 páginas) : |
| Otras características físicas |
ilustraciones, PDF |
| 490 0# - MENCIÓN DE SERIE |
| Mención de serie |
Colección educación y pedagogía |
| 505 00 - NOTA DE CONTENIDO CON FORMATO PREESTABLECIDO |
| Título |
Contexto, significado y diseño de proyectos de aula / |
| Mención de responsabilidad |
Alfonso Claret Zambrano, María Cecilia Cepeda Alza, Maria Claudia Solarte Echeverry, Ana Del Socorro Narváez. -- |
| Título |
La lombriz en la tierra encantada / |
| Mención de responsabilidad |
Javier Pérez Ortega, Claudia Maritza Acero Vera, Ana Isabel Bergamín Garcés, Beatriz Alicia Flórez Cuellar, María Nancy Fory Figueroa, Gloria Eugenia Mondragón, Clara Inés Vargas, Primitivo Rodríguez Quintero. -- |
| Título |
Comamos como hormigas / |
| Mención de responsabilidad |
Elicenia Parra Toro, Laura López Agudelo, Leyda María Madrid, Luis Eduardo Córdoba, Segundo Edgar Galíndez, Yadira López Cobo. -- |
| Título |
Estrategias ambientales para implementar cambios en la cultura y en las actitudes de los estudiantes en el aula de clase / |
| Mención de responsabilidad |
Alejandra Pineda, Adríana Valencia, Amilbia Giraldo, Oscar Millán, Luis M. Nieto, Zully Cuellar. -- |
| Título |
Investigación del mundo lombriz : una experiencia de proyecto de aula / |
| Mención de responsabilidad |
Misael Castro, María Claudia Solarte. -- |
| Título |
Aprendamos con los insectos / |
| Mención de responsabilidad |
Bertha Eugenia Campuzano, Eliana Rodriguez, Fanny Gualteros, Gloria Amparo Libreros Arias, Hernán Salcedo, Zully Cuellar López. -- |
| Título |
Discontinuidad de la materia : fumigaciones en la frontera colombo-ecuatoriana / |
| Mención de responsabilidad |
Eliana Patricia Agudelo, Fernando Candela Boris, Lilia Teresa Gil, Maribeth Urrutia, Carlos Uribe. |
| 506 0# - NOTA DE RESTRICCIONES AL ACCESO |
| Limitaciones de acceso |
Acceso abierto. |
| 650 #4 - ASIENTO SECUNDARIO DE MATERIA - TERMINO TEMATICO |
| Término de materia o nombre geográfico como elemento de entrada |
Ciencias naturales |
| Subdivisión general |
Estudio y enseñanza |
| 9 (RLIN) |
256 |
| 650 #4 - ASIENTO SECUNDARIO DE MATERIA - TERMINO TEMATICO |
| Término de materia o nombre geográfico como elemento de entrada |
Educación ambiental |
| Subdivisión general |
Estudio y enseñanza |
| 9 (RLIN) |
17503 |
| 650 #4 - ASIENTO SECUNDARIO DE MATERIA - TERMINO TEMATICO |
| Término de materia o nombre geográfico como elemento de entrada |
Ciencia |
| Subdivisión general |
Experimentos |
| 9 (RLIN) |
5900 |
| 700 1# - ASIENTO SECUNDARIO--NOMBRE DE PERSONAL |
| Nombre de persona |
Claret Zambrano, Alfonso |
| 9 (RLIN) |
55580 |
| Término indicativo de función/relación |
compilación |
| 700 1# - ASIENTO SECUNDARIO--NOMBRE DE PERSONAL |
| Nombre de persona |
Cepeda Alza, María Cecilia |
| 9 (RLIN) |
55581 |
| Término indicativo de función/relación |
compilación |
| 902 ## - ELEMENTOS DE DATOS B LOCAL, LDB (RLIN) |
| Creó |
VíctorGodínez/260225 |
| 942 ## - ELEMENTOS DE PUNTO DE ACCESO ADICIONAL (KOHA) |
| Fuente del sistema de clasificación o colocación |
Library of Congress Classification |
| Tipo de ítem Koha |
Libro Electrónico |